Textbook of Pharmocognosy. (Record no. 7863)

MARC details
000 -LEADER
fixed length control field 00510nam a22001937a 4500
003 - CONTROL NUMBER IDENTIFIER
control field OSt
005 - DATE AND TIME OF LATEST TRANSACTION
control field 20220331163535.0
008 - FIXED-LENGTH DATA ELEMENTS--GENERAL INFORMATION
fixed length control field 220331b ||||| |||| 00| 0 eng d
020 ## - INTERNATIONAL STANDARD BOOK NUMBER
International Standard Book Number 8185731268
040 ## - CATALOGING SOURCE
Transcribing agency nlm
082 ## - DEWEY DECIMAL CLASSIFICATION NUMBER
Classification number QV752
Item number H78h 2003
100 ## - MAIN ENTRY--PERSONAL NAME
Personal name Handa S.S; Kapoor V.K
9 (RLIN) 15987
245 ## - TITLE STATEMENT
Title Textbook of Pharmocognosy.
260 ## - PUBLICATION, DISTRIBUTION, ETC. (IMPRINT)
Place of publication, distribution, etc. New Delhi:
Name of publisher, distributor, etc. Vallabh Prakashan;
Date of publication, distribution, etc. 2003.
300 ## - PHYSICAL DESCRIPTION
Extent vii,400p.:
Other physical details ill;
Dimensions 24cm.
504 ## - BIBLIOGRAPHY, ETC. NOTE
Bibliography, etc Includes Index.
650 ## - SUBJECT ADDED ENTRY--TOPICAL TERM
Topical term or geographic name as entry element Pharmacognosy.
9 (RLIN) 15988
942 ## - ADDED ENTRY ELEMENTS (KOHA)
Source of classification or shelving scheme Other/Generic Classification Scheme
Koha item type Open Shelf
Holdings
Withdrawn status Lost status Source of classification or shelving scheme Damaged status Not for loan Home library Current library Date acquired Source of acquisition Inventory number Total Checkouts Full call number Barcode Date last seen Price effective from Koha item type
    Other/Generic Classification Scheme     MUST Main Library MUST Main Library 31/03/2022 Purchase 22/41804   QV752 H78h 2003 2022-0630 31/03/2022 31/03/2022 Open Shelf